O tom, kto i kogda sočinjal mify o Rossii

Gespeichert in:
Bibliographische Detailangaben
1. Verfasser: Medinskij, Vladimir
Format: Buch
Sprache:Russisch
Veröffentlicht: Moskva Olma Media Grupp 2015
Schlagworte:
Tags: Tag hinzufügen
Keine Tags, Fügen Sie das erste Tag hinzu!

MARC

LEADER 00000nam a2200000 4500
001 0222837
005 20240314103511.5
020 |a 978-5-373-07639-5 
041 0 |a rus 
044 |a RU 
245 1 0 |a O tom, kto i kogda sočinjal mify o Rossii  |c Vladimir Medinskij 
264 1 |a Moskva  |b Olma Media Grupp  |c 2015 
300 |a 231 s. 
610 2 0 |a kultúra 
610 2 0 |a história 
610 2 0 |a politika 
610 2 0 |a literatúra 
610 2 0 |a Rusko 
100 1 |a Medinskij, Vladimir